Dictionnaire des parlers arabes de Syrie, Liban et Palestine :

محفوظ في:

المؤلف الرئيسي: Denizeau, Claude.

التنسيق: كتاب

اللغة: Undetermined

منشور في: Paris : G. P. Maisonneuve, 1960.

الموضوعات:

الوسوم: إضافة وسم

لا توجد وسوم, كن أول من يضع وسما على هذه التسجيلة!

رقم الطلب: (Ref.) PJ6645 .F6 D4

LEADER 00604nam a2200157Ia 4500
008 220712s9999||||xx |||||||||||||| ||und||
050 4 |a (Ref.) PJ6645 .F6 D4 
100 1 |a Denizeau, Claude. 
245 1 0 |a Dictionnaire des parlers arabes de Syrie, Liban et Palestine : 
264 1 |a Paris :  |b G. P. Maisonneuve,  |c 1960. 
300 |a xiii, 563p. :  |b  ;  |c 24cm. 
504 |a Bibliography. 
555 4 |o (Ref.) PJ6645 .F6 D4 
650 4 |a Arabic language Dictionaries French. 
952 |0 0  |1 0  |2 lcc  |4 0  |7 1  |9 41859  |a ARCE  |b ARCE  |d 2022-07-21  |l 0  |o (Ref.) PJ6645 .F6 D4  |p 1033958  |r 2022-07-21 00:00:00  |w 2022-07-21  |y BK 
999 |c 48838  |d 48838